| 000 | 00462cam a2200181ua 4500 | ||
|---|---|---|---|
| 020 | _c175.00 | ||
| 041 |
_aeng _h |
||
| 082 |
_a551.5 _bJAI/EN |
||
| 100 | _aJain, R K. | ||
| 245 |
_aEngineering metrology :A text book for engineering students / _cR K Jain. _hTextual Documents |
||
| 250 |
_a16 / _b. |
||
| 260 |
_aDelhi : _bKhanna publishers , _c1997. |
||
| 300 | _a1076 ; . | ||
| 365 | _a175.00 | ||
| 504 | _a | ||
| 942 | _cBK | ||
| 999 |
_c3218 _d3218 |
||